Ballon d'or 2002 - Statistiques

Statistiques générales
  • Ce quiz a été pris 114 fois
  • Le résultat moyen est 10 sur 26
Statistiques - réponses
Rang Joueurs Nationalité Points % Correct
1 Ronaldo Brésil 169
99%
4 Zinédine Zidane France 78
94%
12 Ronaldinho Brésil 8
84%
6 Thierry Henry France 54
84%
2 Roberto Carlos Brésil 145
77%
8 Rivaldo Brésil 31
70%
3 Oliver Kahn Allemagne 110
61%
7 Raúl Espagne 38
57%
19 Luís Figo Portugal 3
53%
15 Cafu Brésil 4
52%
10 Alessandro Del Piero Italie 12
50%
5 Michael Ballack Allemagne 71
48%
13 Michael Owen Angleterre 5
37%
Patrick Vieira France 4
37%
Ruud van Nistelrooy Pays-Bas 5
37%
Filippo Inzaghi Italie 1
20%
El-Hadji Diouf Sénégal 2
18%
Rio Ferdinand Angleterre 2
17%
21 Papa Bouba Diop Sénégal 2
14%
Lúcio Brésil 3
11%
Roy Makaay Pays-Bas 1
4%
11 Hasan Şaş Turquie 10
3%
Bernd Schneider Allemagne 4
2%
Juan Carlos Valerón Espagne 4
2%
24 Rubén Baraja Espagne 1
2%
9 Yıldıray Baştürk Turquie 13
2%
Aucun quiz correspondant
Distribution des résultats
% des personnes avec chaque résultat
Percentile par nombre de réponses
Votre historique - résultats
Vous n’avez pas pris ce quiz